1000 palabras del Español del Uruguay
-д хадгалсан:
| Байгууллагын зохиогч: | |
|---|---|
| Формат: | Ном |
| Хэл сонгох: | испани |
| Хэвлэсэн: |
Montevideo
Academia Nacional de Letras
1998
|
| Хэвлэл: | 2a. ed |
| Нөхцлүүд: | |
| Шошгууд: |
Шошго нэмэх
Шошго байхгүй, Энэхүү баримтыг шошголох эхний хүн болох!
|
MARC
| LEADER | 00000nam a2200000 a 4500 | ||
|---|---|---|---|
| 001 | UCJ3028 | ||
| 003 | CL-VaPUC | ||
| 008 | 070119e19980800UY |||||||||||||||||spa|d | ||
| 082 | 0 | 4 | |a 460.989 |b ACA |2 21 |
| 110 | 2 | |a Academia Nacional de Letras |e author |9 504143 | |
| 245 | 1 | 0 | |a 1000 palabras del Español del Uruguay |
| 250 | |a 2a. ed | ||
| 300 | |a 179 p | ||
| 942 | |c BK | ||
| 945 | |d 20070119 00:00:00 |a lvergara | ||
| 260 | |a Montevideo |b Academia Nacional de Letras |c 1998 | ||
| 500 | |a Donación de la Dra. Marianne Peronard Thierry | ||
| 650 | 0 | |a Idioma español |9 309143 | |
| 650 | 0 | |a Variaciones lingüísticas |9 464784 | |
| 650 | 0 | |a Investigación lingüística |9 329785 | |
| 650 | 0 | |a Diccionarios |9 256200 | |
| 651 | 0 | |a Uruguay |9 255194 | |
| 583 | |a last modification |c 20070119 00:00:00 |k Rodrigo Vera | ||
| 999 | |c 319152 |d 319150 | ||
| 952 | |0 0 |1 0 |4 0 |6 460_989000000000000_ACA_1998 |7 0 |8 A |9 397397 |a FDOPOS |b FDOPOS |d 2019-11-22 |i 4312333 |o 460.989 ACA 1998 |p 4312333 |r 2025-01-22 |w 2019-11-22 |y BK |k MLA | ||